000 01491nam a2200361 c 4500
003 BLK
005 20190520155107.0
008 180412b bul|||||r ||||||| ||bul||
010 _aKNG00000826000
040 _aBLK
041 _aBUL
_cBUL
080 _aПазар. Анализ на пазара. Търсене. Предлагане. Конкуренция. Маркетингова логистика
_b339.13
_x
_z339.13
100 1 _aМакФорън, Дезмънд
_eпърви автор
_991492
700 1 _aКънчев, Теодор
_eпрев. от англ.
_9242495
139 _aМакФорън, Дезмънд
_bМ 19
245 1 0 _aКонкурентоспособност на фирмата в пазарни условия
_bКак да завладеем пазара
_cДезмънд МакФорън; прев. от англ. Теодор Кънчев.
257 _aGBR
260 София
_bИЦТТ Информа
_c1991
300 _a76 с.
_bсъс сх., диагр.
_c21 см
380 _a3
490 1 _aБибл. на бизнесмена
_v2
500 _aБез сведение за ариг. загл. - Офс. изд.
650 4 _aМаркетинг
_9161163
653 _aмаркетинг
653 _aфирми
653 _aпазари
653 _aконкурентоспособност
852 _aЦб 168054
856 4 _qpdf
_u
856 4 _qpdf
_u
942 _cKNG
_n0
_01
944 _aCR
_c05.06.2003
_kКети_Илиева
944 _aED
_c09.11.2004
_k
999 _c503
_d503